000 00680nam a2200205 a 4500
001 000040643
005 20201002034255.0
008 130904s2010 sp d 001 0 spa d
020 _a8477385467
040 _aDO-SdBNP
_bspa
_cBNPHU
082 _axxx
_bxxxx
100 1 _aBustelo, Francisco
_967000
245 1 3 _aLa historia Económica :
_buna ciencia en construcción. /
_cFrancisco Bustelo.
260 _aMadrid, :
_bSintesis,
_c2010.
300 _a191 p. ; :
_bdiag. ;
_c21 cm.
490 1 _aLa historia del pensamiento económico
_v17
504 _aBibliografía p: 185-188
500 _aIncluye índice onomástico
830 0 _aHistoria del pensamiento económico
_v17
_967001
999 _c40133
_d40133